000
00311nam a2200145Ia 4500
100
_a
Anderson James A
942
_c
BK
654
_a
computer
245
_a
An Introduction to Neural Networks
260
_b
Prentice Hall
_c
1998
082
_a
4.65
_b
AND
300
_a
650
546
_a
ENGLISH
999
_c
30757
_d
30757